[Event "Balassagyarmat"]
[Site "Balassagyarmat"]
[Date "1990.??.??"]
[Round "11"]
[White "Adorjan, Andras"]
[Black "Fominyh, Alexander"]
[Result "1-0"]
[WhiteElo "2520"]
[BlackElo "2525"]
[PlyCount "95"]
[EventDate "1990.09.??"]
[EventType "tourn"]
[EventRounds "11"]
[EventCountry "HUN"]
[EventCategory "10"]
[Source "ChessBase"]
[SourceDate "1996.11.15"]
[WhiteTeamCountry "GER"]
[BlackTeamCountry "GER"]

1. c4 Nf6 2. Nc3 c5 3. g3 e6 4. Nf3 b6 5. Bg2 Bb7 6. O-O a6 7. d4 cxd4 8. Qxd4
d6 9. Ng5 Bxg2 10. Kxg2 Qc7 11. Nce4 Nxe4 12. Qxe4 Qc6 13. Rd1 h6 14. Qxc6+
Nxc6 15. Ne4 O-O-O 16. Bf4 Kc7 17. Rac1 g5 18. Be3 Kb7 19. Rd3 f5 20. Rb3 fxe4
21. Bxb6 Kc8 22. Bxd8 Kxd8 23. Rb6 Kc7 24. Rxa6 Kb7 25. Ra4 Rh7 26. b4 Rc7 27.
c5 Na7 28. c6+ Kb6 29. b5 Nxb5 30. Ra8 Bg7 31. Rb8+ Ka6 32. Rb1 Rxc6 33. R1xb5
Bd4 34. Rb4 Ka7 35. Re8 e5 36. e3 Bc3 37. Ra4+ Kb7 38. Re7+ Kb6 39. Re6 Kc5 40.
Rxh6 Kd5 41. Rg6 Bd2 42. a3 Rb6 43. h4 gxh4 44. gxh4 Rb2 45. Kg3 Be1 46. Rf6
Re2 47. Kg2 Bd2 48. Ra6 1-0

[Event "Novi Sad ol (Men)"]
[Site "Novi Sad"]
[Date "1990.??.??"]
[Round "1"]
[White "Miralles, Gilles"]
[Black "Adorjan, Andras"]
[Result "1/2-1/2"]
[WhiteElo "2460"]
[BlackElo "2505"]
[PlyCount "82"]
[EventDate "1990.11.17"]
[EventType "swiss ()"]
[EventRounds "14"]
[EventCountry "YUG"]
[Source "ChessBase"]
[SourceDate "1994.03.01"]
[WhiteTeamCountry "GER"]
[BlackTeamCountry "GER"]

1. d4 Nf6 2. c4 e6 3. Nf3 b6 4. g3 Ba6 5. Nbd2 Bb4 6. Qc2 Bb7 7. Bg2 c5 8. dxc5
Bxc5 9. O-O Be7 10. b3 d6 11. Bb2 Nbd7 12. Rad1 Qc7 13. Qb1 O-O 14. Qa1 Rac8
15. Ne1 Rfd8 16. Bxb7 Qxb7 17. Ng2 b5 18. Ne3 Qa6 19. Rfe1 h6 20. cxb5 Qxb5 21.
Ba3 Nc5 22. Ndc4 Qa6 23. Bb2 d5 24. Ne5 Nce4 25. Nd3 Ba3 26. Bd4 Ne8 27. b4 Qc6
28. Rb1 Nd2 29. Rb3 Qa4 30. Rd1 Nxb3 31. axb3 Qxb3 32. Rb1 Qa4 33. Bb2 d4 34.
Bxd4 a5 35. Nc5 Qc6 36. b5 Qd6 37. Nb7 Qxd4 38. Nxd8 Qxa1 39. Rxa1 Rxd8 40.
Rxa3 Rb8 41. Rxa5 Nd6 1/2-1/2

[Event "Novi Sad ol (Men)"]
[Site "Novi Sad"]
[Date "1990.??.??"]
[Round "4"]
[White "Hoffman, Alejandro"]
[Black "Adorjan, Andras"]
[Result "1/2-1/2"]
[WhiteElo "2385"]
[BlackElo "2505"]
[PlyCount "85"]
[EventDate "1990.11.17"]
[EventType "swiss ()"]
[EventRounds "14"]
[EventCountry "YUG"]
[Source "ChessBase"]
[SourceDate "1994.03.01"]
[WhiteTeamCountry "GER"]
[BlackTeamCountry "GER"]

1. d4 Nf6 2. Nf3 e6 3. e3 b6 4. Bd3 Bb7 5. O-O c5 6. c4 d6 7. Nc3 Nbd7 8. b3 g6
9. Bb2 a6 10. dxc5 bxc5 11. Ng5 Be7 12. Be4 Nxe4 13. Ncxe4 O-O 14. h4 d5 15.
Nd2 Bxg5 16. hxg5 Qxg5 17. Nf3 Qf5 18. Rc1 Rfd8 19. Qc2 Qxc2 20. Rxc2 f6 21.
Rfc1 a5 22. cxd5 Bxd5 23. Ba3 a4 24. bxa4 Rxa4 25. Bxc5 Rxa2 26. Rxa2 Bxa2 27.
Be7 Re8 28. Bd6 e5 29. Rc7 Be6 30. Nd2 Bf5 31. Ne4 Bxe4 32. Rxd7 Ra8 33. Be7
Kf7 34. Bb4+ Kg8 35. Be7 Ra1+ 36. Kh2 Ra2 37. Kg3 f5 38. Bf6 f4+ 39. exf4 exf4+
40. Kxf4 Rxf2+ 41. Ke5 Bxg2 42. Rd8+ Kf7 43. Rd7+ 1/2-1/2

[Event "Novi Sad ol (Men)"]
[Site "Novi Sad"]
[Date "1990.??.??"]
[Round "6"]
[White "Barus, Cerdas"]
[Black "Adorjan, Andras"]
[Result "1/2-1/2"]
[WhiteElo "2335"]
[BlackElo "2505"]
[PlyCount "55"]
[EventDate "1990.11.17"]
[EventType "swiss ()"]
[EventRounds "14"]
[EventCountry "YUG"]
[Source "ChessBase"]
[SourceDate "1994.03.01"]
[WhiteTeamCountry "GER"]
[BlackTeamCountry "GER"]

1. d4 Nf6 2. c4 e6 3. Nf3 b6 4. g3 Ba6 5. b3 b5 6. cxb5 Bxb5 7. Bg2 Bb4+ 8. Bd2
a5 9. O-O O-O 10. Nc3 Bxc3 11. Bxc3 Nd5 12. Bd2 a4 13. Re1 Nc6 14. e4 Nde7 15.
d5 exd5 16. exd5 Nxd5 17. Bg5 Nf6 18. Nd4 Nxd4 19. Bxa8 Ne2+ 20. Rxe2 Bxe2 21.
Qxe2 Qxa8 22. Bxf6 gxf6 23. Qg4+ Kh8 24. Qxd7 axb3 25. Qd4 bxa2 26. Qxf6+ Kg8
27. Qg5+ Kh8 28. Qf6+ 1/2-1/2

[Event "Novi Sad ol (Men)"]
[Site "Novi Sad"]
[Date "1990.??.??"]
[Round "7"]
[White "Adorjan, Andras"]
[Black "Inkiov, Ventzislav"]
[Result "1/2-1/2"]
[WhiteElo "2505"]
[BlackElo "2510"]
[PlyCount "36"]
[EventDate "1990.11.17"]
[EventType "swiss ()"]
[EventRounds "14"]
[EventCountry "YUG"]
[Source "ChessBase"]
[SourceDate "1994.03.01"]
[WhiteTeamCountry "GER"]
[BlackTeamCountry "GER"]

1. d4 Nf6 2. c4 e6 3. Nf3 Bb4+ 4. Bd2 Qe7 5. g3 O-O 6. Bg2 Bxd2+ 7. Qxd2 d6 8.
O-O e5 9. Nc3 Re8 10. Ng5 h6 11. Nge4 Nbd7 12. dxe5 Nxe4 13. Nxe4 dxe5 14. Nc3
c6 15. Ne4 Nf6 16. Nd6 Rd8 17. Nxc8 Raxc8 18. Qa5 Ra8 1/2-1/2

[Event "Novi Sad ol (Men)"]
[Site "Novi Sad"]
[Date "1990.??.??"]
[Round "11"]
[White "Adorjan, Andras"]
[Black "Barlov, Dragan"]
[Result "1/2-1/2"]
[WhiteElo "2505"]
[BlackElo "2495"]
[PlyCount "108"]
[EventDate "1990.11.17"]
[EventType "swiss ()"]
[EventRounds "14"]
[EventCountry "YUG"]
[Source "ChessBase"]
[SourceDate "1994.03.01"]
[WhiteTeamCountry "GER"]
[BlackTeamCountry "GER"]

1. c4 Nf6 2. Nf3 g6 3. d4 Bg7 4. g3 O-O 5. Bg2 d6 6. O-O c6 7. b3 Qa5 8. Bb2
Qh5 9. Nbd2 d5 10. Re1 Bh3 11. e4 Bxg2 12. Kxg2 dxe4 13. Nxe4 Nbd7 14. Nxf6+
Bxf6 15. Ne5 Qxd1 16. Raxd1 Rad8 17. Ng4 Rfe8 18. Nxf6+ Nxf6 19. d5 Kf8 20.
dxc6 bxc6 21. Bxf6 exf6 22. Rxe8+ Rxe8 23. Rd7 a5 24. Ra7 Re5 25. Ra6 Rc5 26.
g4 g5 27. h3 Ke7 28. Kg3 f5 29. gxf5 h5 30. Ra7+ Kf6 31. Rc7 Kg7 32. f3 Kf6 33.
Rd7 a4 34. Rc7 axb3 35. axb3 Kxf5 36. Rxf7+ Kg6 37. Rd7 Kf5 38. Rd6 h4+ 39. Kf2
Ke5 40. Rg6 Kf5 41. Rh6 Kf4 42. Rg6 Kf5 43. Rg8 Ra5 44. Ke3 Re5+ 45. Kf2 Ra5
46. Rf8+ Ke5 47. Ke3 Ra1 48. Re8+ Kf5 49. Kd4 Rh1 50. Rf8+ Kg6 51. Rc8 Kf5 52.
Rf8+ Kg6 53. Rg8+ Kf5 54. Rf8+ Kg6 1/2-1/2

[Event "Novi Sad ol (Men)"]
[Site "Novi Sad"]
[Date "1990.??.??"]
[Round "12"]
[White "Adorjan, Andras"]
[Black "Prasad, Devaki V"]
[Result "1/2-1/2"]
[WhiteElo "2505"]
[BlackElo "2425"]
[PlyCount "45"]
[EventDate "1990.11.17"]
[EventType "swiss ()"]
[EventRounds "14"]
[EventCountry "YUG"]
[Source "ChessBase"]
[SourceDate "1994.03.01"]
[WhiteTeamCountry "GER"]
[BlackTeamCountry "GER"]

1. c4 e5 2. Nc3 Nc6 3. Nf3 g6 4. d4 exd4 5. Nxd4 Bg7 6. Nxc6 bxc6 7. g3 Ne7 8.
Bg2 O-O 9. O-O d6 10. Bg5 Rb8 11. Rb1 Bf5 12. e4 Be6 13. c5 Rb4 14. cxd6 cxd6
15. Qc1 Qd7 16. Bh6 Rfb8 17. Bxg7 Kxg7 18. Rd1 Qc7 19. b3 c5 20. Ne2 Nc6 21.
Qc3+ f6 22. Rbc1 Qe7 23. h3 1/2-1/2

[Event "Novi Sad ol (Men)"]
[Site "Novi Sad"]
[Date "1990.??.??"]
[Round "14"]
[White "Adorjan, Andras"]
[Black "Berg, Klaus"]
[Result "1-0"]
[WhiteElo "2505"]
[BlackElo "2445"]
[PlyCount "41"]
[EventDate "1990.11.17"]
[EventType "swiss ()"]
[EventRounds "14"]
[EventCountry "YUG"]
[Source "ChessBase"]
[SourceDate "1994.03.01"]
[WhiteTeamCountry "GER"]
[BlackTeamCountry "GER"]

1. Nf3 d6 2. c4 g6 3. d4 Bg7 4. g3 e5 5. Bg2 Nc6 6. dxe5 dxe5 7. O-O Qxd1 8.
Rxd1 Bd7 9. Nc3 O-O-O 10. Be3 Nh6 11. Nd5 Ng4 12. Bc5 f6 13. h3 Nh6 14. b4 Ng8
15. b5 Na5 16. Bxa7 Nxc4 17. Rac1 Bxb5 18. Nd2 Rxd5 19. Bxd5 Nd6 20. Ne4 Kd7
21. Nc5+ 1-0

[Event "HUN-chT"]
[Site "Hungary"]
[Date "1991.??.??"]
[Round "?"]
[White "Adorjan, Andras"]
[Black "Kallai, Gabor"]
[Result "1-0"]
[WhiteElo "2525"]
[BlackElo "2440"]
[PlyCount "159"]
[EventDate "1991.??.??"]
[EventType "team"]
[EventRounds "9"]
[EventCountry "HUN"]
[Source "ChessBase"]
[SourceDate "1994.03.01"]
[WhiteTeamCountry "GER"]
[BlackTeamCountry "GER"]

1. c4 e5 2. Nc3 Nf6 3. Nf3 Nc6 4. g3 d5 5. cxd5 Nxd5 6. Bg2 Nb6 7. O-O Be7 8.
Rb1 f6 9. d3 Be6 10. a3 O-O 11. b4 Qe8 12. Be3 Rd8 13. Nd2 Qf7 14. Qc1 Nd5 15.
Nxd5 Bxd5 16. b5 Nd4 17. Bxd4 Bxg2 18. Kxg2 Qd5+ 19. Kg1 exd4 20. a4 Rd7 21.
Qc4 Qxc4 22. Nxc4 Ra8 23. Rfc1 Kf8 24. Rc2 Ke8 25. Na5 b6 26. Nc6 f5 27. Kf1
Bf6 28. Rb4 Rd6 29. Rbc4 a6 30. Nb4 axb5 31. axb5 Ra1+ 32. Kg2 Bd8 33. Na6 c5
34. bxc6 Rxa6 35. c7 Bxc7 36. Rxc7 Rd7 37. Kf3 b5 38. R7c5 Rb7 39. Rxf5 b4 40.
Re5+ Kf7 41. Rec5 Rbb6 42. Rc7+ Kf6 43. e3 b3 44. Rb2 dxe3 45. fxe3 Ra2 46.
Rxa2 bxa2 47. Ra7 Rb2 48. h4 Ke5 49. Ra5+ Kd6 50. Ke4 Kc6 51. d4 Kb6 52. Ra8
Kb5 53. Ke5 Kb4 54. d5 Kb3 55. d6 Rd2 56. e4 h5 57. Ke6 Rd4 58. e5 Ra4 59. Rxa4
Kxa4 60. d7 a1=Q 61. d8=Q Qc3 62. Qd7+ Ka5 63. Qxg7 Qb3+ 64. Ke7 Qf3 65. e6 Kb6
66. Qe5 Kb7 67. Qf4 Qd3 68. Kf8 Qd8+ 69. Kf7 Qd5 70. Qf6 Kc7 71. Qe7+ Kb6 72.
Qg5 Qb3 73. Qxh5 Qxg3 74. Qg5 Qf3+ 75. Qf6 Qd5 76. Kf8 Qa8+ 77. Kf7 Qd5 78. Kg7
Kc6 79. e7+ Kd7 80. e8=Q+ 1-0

[Event "HUN-chT"]
[Site "Hungary"]
[Date "1991.??.??"]
[Round "?"]
[White "Adorjan, Andras"]
[Black "Lengyel, Levente"]
[Result "1-0"]
[WhiteElo "2525"]
[BlackElo "2380"]
[PlyCount "53"]
[EventDate "1991.??.??"]
[EventType "team"]
[EventRounds "9"]
[EventCountry "HUN"]
[Source "ChessBase"]
[SourceDate "1994.03.01"]
[WhiteTeamCountry "GER"]
[BlackTeamCountry "GER"]

1. c4 e6 2. Nc3 d5 3. d4 Nf6 4. Bg5 Be7 5. e3 h6 6. Bh4 O-O 7. Rc1 dxc4 8. Bxc4
c5 9. Nf3 cxd4 10. exd4 Nc6 11. O-O Nh5 12. Bxe7 Nxe7 13. Re1 Nf6 14. Ne5 Ned5
15. Bb3 b6 16. Nxd5 exd5 17. Nc6 Qd6 18. Ne7+ Kh8 19. Rc6 Qf4 20. g3 Qg4 21.
Rxc8 Raxc8 22. Qxg4 Nxg4 23. Nxc8 Rxc8 24. Bxd5 Rd8 25. Bxf7 Rxd4 26. Bg6 Nf6
27. Rc1 1-0

[Event "HUN-chT"]
[Site "Hungary"]
[Date "1991.??.??"]
[Round "?"]
[White "Groszpeter, Attila"]
[Black "Adorjan, Andras"]
[Result "1/2-1/2"]
[WhiteElo "2485"]
[BlackElo "2525"]
[PlyCount "24"]
[EventDate "1991.??.??"]
[EventType "team"]
[EventRounds "9"]
[EventCountry "HUN"]
[Source "ChessBase"]
[SourceDate "1994.03.01"]
[WhiteTeamCountry "GER"]
[BlackTeamCountry "GER"]

1. c4 c5 2. g3 g6 3. Bg2 Bg7 4. Nc3 Nc6 5. e3 e6 6. Nge2 Nge7 7. O-O O-O 8. d4
cxd4 9. Nxd4 d5 10. cxd5 Nxd5 11. Nxd5 Nxd4 12. exd4 exd5 1/2-1/2

[Event "HUN-chT"]
[Site "Hungary"]
[Date "1991.??.??"]
[Round "?"]
[White "Nemeth, Zoltan"]
[Black "Adorjan, Andras"]
[Result "1/2-1/2"]
[WhiteElo "2345"]
[BlackElo "2525"]
[PlyCount "36"]
[EventDate "1991.??.??"]
[EventType "team"]
[EventRounds "9"]
[EventCountry "HUN"]
[Source "ChessBase"]
[SourceDate "1994.03.01"]
[WhiteTeamCountry "GER"]
[BlackTeamCountry "GER"]

1. c4 g6 2. g3 Bg7 3. Bg2 Nf6 4. Nc3 O-O 5. e4 c5 6. Nge2 Nc6 7. O-O d6 8. d3
Rb8 9. h3 a6 10. f4 Ne8 11. Be3 b5 12. Qd2 Nd4 13. Rac1 Nc7 14. g4 f5 15. gxf5
gxf5 16. Ng3 bxc4 17. dxc4 Qe8 18. Kh2 Kh8 1/2-1/2

[Event "HUN-chT"]
[Site "Hungary"]
[Date "1991.??.??"]
[Round "?"]
[White "Sax, Gyula"]
[Black "Adorjan, Andras"]
[Result "1/2-1/2"]
[WhiteElo "2605"]
[BlackElo "2525"]
[PlyCount "41"]
[EventDate "1991.??.??"]
[EventType "team"]
[EventRounds "9"]
[EventCountry "HUN"]
[Source "ChessBase"]
[SourceDate "1994.03.01"]
[WhiteTeamCountry "GER"]
[BlackTeamCountry "GER"]

1. e4 c6 2. d4 d5 3. Nc3 dxe4 4. Nxe4 Nd7 5. Bc4 Ngf6 6. Ng5 e6 7. Qe2 Nb6 8.
Bd3 h6 9. N5f3 c5 10. dxc5 Bxc5 11. Bd2 a6 12. O-O-O Na4 13. Bc4 Qe7 14. Bb3 b5
15. Ne5 Bb7 16. Ngf3 O-O 17. Ba5 Bb4 18. Bxb4 Qxb4 19. Rd4 Qa5 20. Bxa4 bxa4
21. a3 1/2-1/2

[Event "Jyvaskyla op"]
[Site "Jyvaskyla"]
[Date "1991.??.??"]
[Round "?"]
[White "Adorjan, Andras"]
[Black "Efimov, Igor"]
[Result "0-1"]
[WhiteElo "2525"]
[BlackElo "2470"]
[PlyCount "60"]
[EventDate "1991.??.??"]
[EventType "swiss"]
[EventRounds "7"]
[EventCountry "FIN"]
[Source "ChessBase"]
[SourceDate "2001.11.25"]
[WhiteTeamCountry "GER"]
[BlackTeamCountry "GER"]

1. c4 f5 2. Nf3 g6 3. g3 Bg7 4. d4 d6 5. Bg2 Nh6 6. O-O Nf7 7. d5 O-O 8. Nc3
Na6 9. Rb1 Nc5 10. Be3 e5 11. dxe6 Bxe6 12. Bd4 a5 13. b3 c6 14. e3 Qe7 15.
Bxg7 Kxg7 16. Nd4 Rae8 17. Nxe6+ Qxe6 18. Qc2 h5 19. Rfd1 h4 20. Qb2 hxg3 21.
hxg3 Kh7 22. Rd4 g5 23. Rbd1 Qh6 24. Qc2 Ne5 25. Rxd6 Qh5 26. a3 Ng4 27. R6d4
Qh2+ 28. Kf1 Ne4 29. Re1 Ngxf2 30. Re2 Nh3 0-1

[Event "Jyvaskyla op"]
[Site "Jyvaskyla"]
[Date "1991.??.??"]
[Round "?"]
[White "Adorjan, Andras"]
[Black "Kupreichik, Viktor"]
[Result "1-0"]
[WhiteElo "2525"]
[BlackElo "2460"]
[PlyCount "41"]
[EventDate "1991.??.??"]
[EventType "swiss"]
[EventRounds "7"]
[EventCountry "FIN"]
[Source "ChessBase"]
[SourceDate "2001.11.25"]
[WhiteTeamCountry "GER"]
[BlackTeamCountry "GER"]

1. c4 g6 2. Nf3 Bg7 3. d4 d6 4. g3 e5 5. Nc3 Bg4 6. dxe5 dxe5 7. Qxd8+ Kxd8 8.
Ng5 Nh6 9. Bg2 Kc8 10. O-O Nc6 11. h3 Bd7 12. Nge4 f5 13. Nc5 e4 14. Rd1 Ne5
15. Bf4 Nhf7 16. Nd5 Rd8 17. Bxe5 Nxe5 18. Ne6 Rh8 19. Nxg7 Rf8 20. Ne7+ Kb8
21. Rd5 1-0

[Event "Jyvaskyla op"]
[Site "Jyvaskyla"]
[Date "1991.??.??"]
[Round "3"]
[White "Rantanen, Yrjo A"]
[Black "Adorjan, Andras"]
[Result "0-1"]
[WhiteElo "2415"]
[BlackElo "2525"]
[PlyCount "76"]
[EventDate "1991.??.??"]
[EventType "swiss"]
[EventRounds "7"]
[EventCountry "FIN"]
[Source "ChessBase"]
[SourceDate "1999.11.16"]
[WhiteTeamCountry "GER"]
[BlackTeamCountry "GER"]

1. e4 c5 2. Nf3 e6 3. d4 cxd4 4. Nxd4 Nf6 5. Nc3 d6 6. Be2 Be7 7. O-O O-O 8.
Be3 a6 9. f4 Qc7 10. Kh1 b5 11. Bf3 Bb7 12. e5 dxe5 13. fxe5 Nfd7 14. Bf4 b4
15. Nb1 Nc6 16. Nxc6 Bxc6 17. Nd2 Rad8 18. Bxc6 Qxc6 19. Rf3 f6 20. exf6 Bxf6
21. Rb1 Nb6 22. Qe1 e5 23. Bg3 Qxc2 24. Ne4 Nd5 25. Rf2 Qc6 26. Qe2 Nf4 27.
Bxf4 exf4 28. Rxf4 Bxb2 29. Rxf8+ Rxf8 30. Qd3 Bc3 31. Ng5 Qg6 32. Qd5+ Kh8 33.
Rd1 h6 34. Ne6 Re8 35. Nc5 a5 36. Rf1 Qf6 37. Rd1 Qe5 38. h3 Qg3 0-1

[Event "Zalaegerszeg"]
[Site "Zalaegerszeg"]
[Date "1991.??.??"]
[Round "1"]
[White "Adorjan, Andras"]
[Black "Gazik, Igor"]
[Result "0-1"]
[WhiteElo "2530"]
[BlackElo "2455"]
[PlyCount "80"]
[EventDate "1991.??.??"]
[EventType "tourn"]
[EventRounds "9"]
[EventCountry "HUN"]
[EventCategory "8"]
[Source "ChessBase"]
[SourceDate "1996.11.15"]
[WhiteTeamCountry "GER"]
[BlackTeamCountry "GER"]

1. Nf3 d6 2. d4 f5 3. g3 Nf6 4. Bg2 g6 5. b3 Bg7 6. Bb2 O-O 7. O-O c6 8. Nbd2
Ne4 9. e3 Qe8 10. Qe2 h6 11. Nxe4 fxe4 12. Nd2 d5 13. f3 exf3 14. Nxf3 Bg4 15.
e4 e6 16. Rae1 dxe4 17. Qxe4 Bf5 18. Qe2 Nd7 19. Nh4 Qd8 20. h3 Kh7 21. c4 Re8
22. Rf2 a5 23. Qd2 a4 24. Bc3 axb3 25. axb3 Qg5 26. Qxg5 hxg5 27. Nf3 Ra3 28.
g4 Bd3 29. Nxg5+ Kg8 30. Nxe6 Rxb3 31. Nxg7 Rxe1+ 32. Bxe1 Rb1 33. Rf3 Rxe1+
34. Kh2 Bxc4 35. Rc3 Bf7 36. d5 cxd5 37. Rc7 Nf6 38. g5 Ne4 39. Nf5 gxf5 40.
Rxb7 Nxg5 0-1

[Event "Zalaegerszeg"]
[Site "Zalaegerszeg"]
[Date "1991.??.??"]
[Round "2"]
[White "Adorjan, Andras"]
[Black "Nijboer, Friso"]
[Result "1-0"]
[WhiteElo "2530"]
[BlackElo "2465"]
[PlyCount "68"]
[EventDate "1991.??.??"]
[EventType "tourn"]
[EventRounds "9"]
[EventCountry "HUN"]
[EventCategory "8"]
[Source "ChessBase"]
[SourceDate "1996.11.15"]
[WhiteTeamCountry "GER"]
[BlackTeamCountry "GER"]

1. d4 Nf6 2. Nf3 g6 3. g3 Bg7 4. Bg2 O-O 5. O-O d6 6. c4 Nbd7 7. Nc3 e5 8. h3
a6 9. dxe5 dxe5 10. Be3 c6 11. Qb3 Qe7 12. Rfd1 h6 13. Rac1 Kh7 14. Kh2 Ne8 15.
Na4 f5 16. Nb6 Nxb6 17. Qxb6 Rg8 18. b3 a5 19. a4 Bf6 20. Ne1 Qe6 21. Nd3 Ra6
22. Qc5 g5 23. Qa3 e4 24. Nc5 Qe7 25. b4 axb4 26. Qxb4 Ra8 27. Rb1 Rg7 28. Qd2
Be5 29. Bd4 Nf6 30. Bxe5 Qxe5 31. Qd6 Re7 32. Nxb7 Rxa4 33. Qxc6 Bxb7 34. Qxa4
f4 1-0

[Event "Zalaegerszeg"]
[Site "Zalaegerszeg"]
[Date "1991.??.??"]
[Round "3"]
[White "David, Pavel"]
[Black "Adorjan, Andras"]
[Result "0-1"]
[WhiteElo "2400"]
[BlackElo "2530"]
[PlyCount "75"]
[EventDate "1991.??.??"]
[EventType "tourn"]
[EventRounds "9"]
[EventCountry "HUN"]
[EventCategory "8"]
[Source "ChessBase"]
[SourceDate "1996.11.15"]
[WhiteTeamCountry "GER"]
[BlackTeamCountry "GER"]

1. c4 g6 2. e4 e5 3. Nf3 Bg7 4. d4 exd4 5. Nxd4 Nf6 6. Nc3 O-O 7. Be2 Re8 8. f3
c6 9. Bg5 h6 10. Bh4 d5 11. cxd5 cxd5 12. exd5 g5 13. Bf2 Nxd5 14. Ndb5 Be6 15.
O-O Nc6 16. Nxd5 Bxd5 17. Nc3 Be6 18. Bb5 Rc8 19. Ne4 a6 20. Bd3 Nb4 21. Nd6
Nxd3 22. Qxd3 Bc4 23. Qd1 Bxf1 24. Nxe8 Qxd1 25. Rxd1 Be2 26. Nd6 Bxd1 27. Nxc8
Bxb2 28. Bc5 b5 29. Nd6 Bc2 30. Kf2 Be5 31. g3 f5 32. h3 Kg7 33. g4 f4 34. Nb7
Kf6 35. Ke2 h5 36. Bb6 Bb1 37. Nc5 Bxa2 38. Nxa6 0-1

[Event "Zalaegerszeg"]
[Site "Zalaegerszeg"]
[Date "1991.??.??"]
[Round "4"]
[White "Adorjan, Andras"]
[Black "Horvath, Gyula"]
[Result "1-0"]
[WhiteElo "2530"]
[BlackElo "2405"]
[PlyCount "49"]
[EventDate "1991.??.??"]
[EventType "tourn"]
[EventRounds "9"]
[EventCountry "HUN"]
[EventCategory "8"]
[Source "ChessBase"]
[SourceDate "1996.11.15"]
[WhiteTeamCountry "GER"]
[BlackTeamCountry "GER"]

1. Nf3 e6 2. c4 Nf6 3. Nc3 d5 4. d4 Be7 5. Bg5 O-O 6. e3 Nbd7 7. Rc1 c6 8. Bd3
h6 9. Bh4 dxc4 10. Bxc4 b5 11. Bd3 Bb7 12. O-O a5 13. a4 b4 14. Bxf6 gxf6 15.
Ne4 c5 16. dxc5 Rc8 17. Nd4 Bxe4 18. Bxe4 Nxc5 19. Qg4+ Kh8 20. Qf4 Kg7 21.
Qg3+ Kh8 22. Qf4 Kg7 23. Rfd1 Qc7 24. Qg4+ Kh8 25. Nf5 1-0

[Event "Zalaegerszeg"]
[Site "Zalaegerszeg"]
[Date "1991.??.??"]
[Round "5"]
[White "Groszpeter, Attila"]
[Black "Adorjan, Andras"]
[Result "1/2-1/2"]
[WhiteElo "2480"]
[BlackElo "2530"]
[PlyCount "27"]
[EventDate "1991.??.??"]
[EventType "tourn"]
[EventRounds "9"]
[EventCountry "HUN"]
[EventCategory "8"]
[Source "ChessBase"]
[SourceDate "1996.11.15"]
[WhiteTeamCountry "GER"]
[BlackTeamCountry "GER"]

1. d4 e6 2. c4 Nf6 3. Nf3 Bb4+ 4. Bd2 Qe7 5. g3 b6 6. Bg2 Bb7 7. O-O Bxd2 8.
Qxd2 O-O 9. Nc3 Ne4 10. Nxe4 Bxe4 11. Rac1 d6 12. Rfd1 Nd7 13. Ne1 Bxg2 14.
Nxg2 1/2-1/2

[Event "Zalaegerszeg"]
[Site "Zalaegerszeg"]
[Date "1991.??.??"]
[Round "7"]
[White "Horvath, Imre"]
[Black "Adorjan, Andras"]
[Result "0-1"]
[WhiteElo "2360"]
[BlackElo "2530"]
[PlyCount "74"]
[EventDate "1991.??.??"]
[EventType "tourn"]
[EventRounds "9"]
[EventCountry "HUN"]
[EventCategory "8"]
[Source "ChessBase"]
[SourceDate "1996.11.15"]
[WhiteTeamCountry "GER"]
[BlackTeamCountry "GER"]

1. g3 c5 2. Bg2 g6 3. c4 Bg7 4. Nc3 Nc6 5. d3 b6 6. e4 Bb7 7. Nge2 Nf6 8. O-O
O-O 9. h3 d6 10. Be3 Nd7 11. Qd2 a6 12. f4 Nd4 13. Bf2 e5 14. Nxd4 cxd4 15. Nd5
Bh6 16. Qb4 Nc5 17. fxe5 Bxd5 18. exd5 dxe5 19. Rad1 f5 20. Qe1 Qd6 21. b4 Na4
22. Rb1 Rae8 23. Rb3 f4 24. gxf4 exf4 25. Be4 Qf6 26. Kh1 f3 27. Bg3 Nc3 28.
Rb2 Qg5 29. d6 Ne2 30. Kh2 Rxe4 31. dxe4 d3 32. e5 f2 33. Bxf2 Qxe5+ 34. Bg3
Qxb2 35. Rxf8+ Bxf8 36. d7 Qd4 37. c5 bxc5 0-1

[Event "Zalaegerszeg"]
[Site "Zalaegerszeg"]
[Date "1991.??.??"]
[Round "8"]
[White "Adorjan, Andras"]
[Black "Vaulin, Alexander"]
[Result "1/2-1/2"]
[WhiteElo "2530"]
[BlackElo "2495"]
[PlyCount "24"]
[EventDate "1991.??.??"]
[EventType "tourn"]
[EventRounds "9"]
[EventCountry "HUN"]
[EventCategory "8"]
[Source "ChessBase"]
[SourceDate "1996.11.15"]
[WhiteTeamCountry "GER"]
[BlackTeamCountry "GER"]

1. c4 e5 2. Nc3 d6 3. g3 f5 4. d4 Nf6 5. Bg2 Be7 6. Nf3 e4 7. Ng5 c6 8. d5 Nxd5
9. cxd5 Bxg5 10. Bxg5 Qxg5 11. dxc6 Nxc6 12. Qxd6 Qe7 1/2-1/2

[Event "Zalaegerszeg"]
[Site "Zalaegerszeg"]
[Date "1991.??.??"]
[Round "9"]
[White "Barczay, Laszlo"]
[Black "Adorjan, Andras"]
[Result "1/2-1/2"]
[WhiteElo "2315"]
[BlackElo "2530"]
[PlyCount "26"]
[EventDate "1991.??.??"]
[EventType "tourn"]
[EventRounds "9"]
[EventCountry "HUN"]
[EventCategory "8"]
[Source "ChessBase"]
[SourceDate "1996.11.15"]
[WhiteTeamCountry "GER"]
[BlackTeamCountry "GER"]

1. c4 g6 2. g3 Bg7 3. Bg2 c5 4. Nc3 Nc6 5. e3 e6 6. Nge2 Nge7 7. d4 cxd4 8.
Nxd4 O-O 9. O-O d5 10. cxd5 Nxd5 11. Nxd5 Nxd4 12. exd4 exd5 13. Qb3 Qb6
1/2-1/2

[Event "Kecskemet1"]
[Site "Kecskemet"]
[Date "1991.??.??"]
[Round "1"]
[White "Anka, Emil"]
[Black "Adorjan, Andras"]
[Result "0-1"]
[WhiteElo "2355"]
[BlackElo "2525"]
[PlyCount "56"]
[EventDate "1991.05.??"]
[EventType "tourn"]
[EventRounds "11"]
[EventCountry "HUN"]
[EventCategory "7"]
[Source "ChessBase"]
[SourceDate "2003.11.25"]
[WhiteTeamCountry "GER"]
[BlackTeamCountry "GER"]

1. e4 c6 2. d4 d5 3. e5 Bf5 4. c3 Nd7 5. Nf3 e6 6. Be2 h6 7. O-O Ne7 8. Be3 Bh7
9. g4 Ng6 10. Ne1 h5 11. gxh5 Nh4 12. Nd2 Bf5 13. Bg4 f6 14. f4 Bxg4 15. Qxg4
f5 16. Qe2 Be7 17. Kh1 Kf8 18. Nef3 Qe8 19. Nxh4 Bxh4 20. Rg1 Qxh5 21. Qg2 Rh7
22. Raf1 Kf7 23. Rf3 Be7 24. Rg3 Rg8 25. Nf3 Nf8 26. b3 g5 27. Nxg5+ Bxg5 28.
fxg5 Rgh8 0-1

[Event "Kecskemet1"]
[Site "Kecskemet"]
[Date "1991.??.??"]
[Round "3"]
[White "Groszpeter, Attila"]
[Black "Adorjan, Andras"]
[Result "1/2-1/2"]
[WhiteElo "2485"]
[BlackElo "2525"]
[PlyCount "23"]
[EventDate "1991.05.??"]
[EventType "tourn"]
[EventRounds "11"]
[EventCountry "HUN"]
[EventCategory "7"]
[Source "ChessBase"]
[SourceDate "2003.11.25"]
[WhiteTeamCountry "GER"]
[BlackTeamCountry "GER"]

1. c4 e5 2. Nc3 Nc6 3. g3 g6 4. Bg2 Bg7 5. d3 d6 6. Nf3 Nge7 7. O-O O-O 8. Rb1
a5 9. a3 Nd4 10. b4 axb4 11. axb4 c6 12. b5 1/2-1/2